000 00721nam a2200241 a 4500
001 BRL_1288
005 20190320211129.0
008 271213c1992----sp-o######---#000-0#spa-#
020 _a8437802849
041 _aspa
044 _asp
050 4 _aN3450
_b.C67 1992
100 1 _aCosta Clavell, Xavier
_926393
245 1 0 _aMuseo del Prado
_bPintura española
_ctexto: Xavier Costa Clavell.
260 _aBarcelona, España
_bEditorial Escudo de Oro
_c1992
300 _a125 p.
_bil. todas a color, fotografías
_c26 cm.
440 0 _aColección arte en España
_v3
_926394
500 _aAu1524
610 2 4 _aMuseo del Prado (España)
_926395
650 1 4 _aPintura española
_97790
902 _aGRL
942 _2lcc
_cB
999 _c10100
_d10100